A queda / (Record no. 98)

MARC details
000 -LÍDER
campo de controle de tamanho fixo 01274nam a2200349 4500
001 - NÚMERO DE CONTROLE
campo de controle 98
003 - IDENTIFICADOR DO NÚMERO DE CONTROLE
campo de controle OSt
005 - DATA E HORÁRIO DA ÚLTIMA TRANSAÇÃO
campo de controle 20250528074011.0
008 - CAMPO DE DADOS FIXOS--INFORMAÇÃO GERAL
campo de controle de tamanho fixo 250124b |||||||e |||| 00| 1 eng d
020 ## - ISBN - INTERNATIONAL STANDARD BOOK NUMBER
ISBN - International Standard Book Number 9788501012845
040 ## - FONTE DA CATALOGAÇÃO
Idioma da catalogação por
041 ## - CÓDIGO DE IDIOMA
Código do idioma do original e/ou traduções intermediárias do texto fre
Código do idioma do texto/trilha sonora ou título diferente por
082 ## - CDD - CLASSIFICAÇÃO DECIMAL DE DEWEY
Número de Classificação 843
Número do exemplar C211q
100 1# - ENTRADA PRINCIPAL--NOME PESSOAL
Nome pessoal Camus, Albert,
Datas associadas ao nome 1913-1960
9 (RLIN) 215
240 ## - TÍTULO UNIFORME
Título uniforme La chute
245 ## - TÍTULO
Título A queda /
Indicação de responsabilidade, etc. Camus, Albert ; Tradução de Valerie Rumjanek
250 ## - EDIÇÃO
Declaração de edição 15° edição
260 ## - PUBLICAÇÃO, DISTRIBUIÇÃO, ETC.
Local de publicação, distribuição, etc. Rio de Janeiro
Nome do editor, distribuidor, etc. Record
Data da publicação, distribuição, etc. 2008
300 ## - DESCRIÇÃO FÍSICA
Extensão 114 p.
520 ## - NOTA DE RESUMO, ETC.
Resumo, etc. A queda narra a história de um advogado francês que num bar de marinheiros em Amsterdam, faz seu exame de consciência a um desconhecido. Após presenciar o suicídio de uma mulher nas águas do Sena, se isola completamente do mundo.O narrador, autodenominado "juiz-penitente", faz uma grande denúncia da própria natureza humana misturada a um penoso processo de autocrítica.
650 #0 - ASSUNTO--TERMO TÓPICO
Cabeçalho tópico ou nome geográfico Literatura francesa
9 (RLIN) 122
650 #0 - ASSUNTO--TERMO TÓPICO
Cabeçalho tópico ou nome geográfico Filosofia
9 (RLIN) 4
650 #0 - ASSUNTO--TERMO TÓPICO
Cabeçalho tópico ou nome geográfico Absurdismo
9 (RLIN) 661
650 #0 - ASSUNTO--TERMO TÓPICO
Cabeçalho tópico ou nome geográfico Existencialismo
9 (RLIN) 217
650 #0 - ASSUNTO--TERMO TÓPICO
Cabeçalho tópico ou nome geográfico Auto Conhecimento
9 (RLIN) 19
650 #0 - ASSUNTO--TERMO TÓPICO
Cabeçalho tópico ou nome geográfico Drama
9 (RLIN) 18
650 #0 - ASSUNTO--TERMO TÓPICO
Cabeçalho tópico ou nome geográfico Clássicos
9 (RLIN) 77
655 #0 - TERMO DE ÍNDICE--GÊNERO E FORMA
Gênero/forma/ou termo foco Romance
655 #0 - TERMO DE ÍNDICE--GÊNERO E FORMA
Gênero/forma/ou termo foco Ficção
700 ## - ENTRADA ADICIONADA - NOME PESSOAL
Nome pessoal Valerie Rumjanek
Função do autor por extenso Tradutor
9 (RLIN) 216
942 ## - ELEMENTOS DE ENTRADA ADICIONADOS (KOHA)
Fonte de classificação ou esquema de arquivamento Classificação decimal de Dewey
Ocultar no OPAC Não
Tipo de material Koha Livros
Holdings
Situação do descarte Situação das perdas Fonte de classificação ou esquema de arquivamento Status danificado Não pode ser emprestado Coleção Biblioteca de origem Biblioteca atual Localização na estante Data de aquisição Fonte de aquisição Total de empréstimos Número de chamada completo Código de barras Data de último acesso Data do preço efetivo Tipo de material Koha
    Classificação decimal de Dewey     Ficção Biblioteca Professor Eduardo Afonso de Castro Biblioteca Professor Eduardo Afonso de Castro Literatura Estrangeira 28.12.2018 doação   843 / C211q 2025-16267 23.01.2025 23.01.2025 Livros

Powered by Koha